000 00840nam a2200289 a 4500
001 000108187
003 CHAP
005 20220329144002.0
008 131216s2012 flua |r| |||1|||eng d
010 _a104649
011 _a105621
020 _a9781439839508
040 _cCHAP
082 0 4 _a338.19
_bG44
100 1 _aGibson, Mark
_9125086
245 1 4 _aThe feeding of nations :
_bredefining food security for the 21st century /
_cpor Mark Gibson.
260 _aBoca Raton, FL :
_bCRC Press,
_cc2012.
300 _axliii, 640 p. :
_bil., gráfs., diags., tablas.
590 _aE6096MTM
_b05
_c20131216
_lUCH01
_h1406
650 1 4 _aAlimentos
_xIndustria.
_94227
650 1 4 _aAlimentos
_xMercadeo.
_94245
650 1 4 _aHambre.
_952413
650 1 4 _aSeguridad alimentaria.
_9103673
901 _aBK
942 _cLIBRO
942 _n0
999 _c104649
_d104649